Apartmány Technik (Univerzitné centrum s ubytovaním)
Salvato in:
| Autore principale: | |
|---|---|
| Altri autori: | |
| Natura: | Manoscritto Libro |
| Lingua: | slovacco |
| Pubblicazione: |
Bratislava
2015
|
| Soggetti: | |
| Accesso online: | http://is.stuba.sk/zp/portal_zp.pl?podrobnosti=94025 |
| Tags: |
Nessun Tag, puoi essere il primo ad aggiungerne!!
|
MARC
| LEADER | 00000ntm a22000003a 4500 | ||
|---|---|---|---|
| 001 | stuzp52792 | ||
| 003 | SK-STU | ||
| 005 | 20210302092339.5 | ||
| 007 | ta | ||
| 008 | 150427s2015----xo-----f-mn---000-0-slo-d | ||
| 040 | |a STU |b slo | ||
| 041 | 0 | |a slo | |
| 100 | 1 | |a Václaviková, Tatiana |u 053130 |4 aut |U FAD Fakulta architektúry |T FA Ústav dejín a teórie architektúry a obnovy pamiatok |X 62125 |U A3130 |Y 394 |7 62125 | |
| 242 | 0 | 1 | |a apartment building with facilities used for needs of STU |y eng |
| 245 | 1 | 0 | |a Apartmány Technik (Univerzitné centrum s ubytovaním) |
| 260 | |c 2015 |a Bratislava | ||
| 650 | 4 | |a apartmány resp. študentské bývanie |2 slo | |
| 650 | 4 | |a verejný, poloverejný, súkromný priestor |2 slo | |
| 650 | 4 | |a dobré bývanie |2 slo | |
| 650 | 4 | |a apartment building / student housing |2 eng | |
| 650 | 4 | |a public, semi-public, private space |2 eng | |
| 650 | 4 | |a good conditions for living |2 eng | |
| 700 | 1 | |a Kráľová, Eva, |d 1951- |4 ths |X 391 |7 A000000391 | |
| 856 | 4 | |u http://is.stuba.sk/zp/portal_zp.pl?podrobnosti=94025 |u https://opac.crzp.sk/?fn=detailBiblioForm&sid=367CD704F5D5570C77E6F6DE3652 | |
| SQL | |a stuzp52792 |b DBP |c SLO |d Apartmány Technik (Univerzitné centrum s ubytovaním) |e 62125 |f Václaviková, Tatiana |g 053130 |h 391 |i Kráľová, Eva |j 20150612 |k 149 |l 05 |m http://is.stuba.sk/zp/portal_zp.pl?podrobnosti=94025 |n B-AU |o 5.1.1. architektúra a urbanizmus | ||